书目信息 |
| 题名: |
高等院校英语专业英语四级考试历届真题详解
|
|
| 作者: | 黄成洲主编 | |
| 分册: | ||
| 出版信息: | 西安 西北工业大学出版社 2006.01 |
|
| 页数: | 291页 | |
| 开本: | 26cm | |
| 丛书名: | ||
| 单 册: | ||
| 中图分类: | H319.6 | |
| 科图分类: | ||
| 主题词: | 英语-高等学校-水平考试-解题 | |
| 电子资源: | ||
| ISBN: | 7-5612-1856-7 | |
| 000 | 00707nam0 2200217 45 | |
| 001 | 010463484509 | |
| 005 | 20070607171618.26 | |
| 010 | @a7-5612-1856-7@dCNY25.00 | |
| 100 | @a20061027d2006 ekmy0 y0120 ea | |
| 102 | @aCN@b610000 | |
| 105 | @ay z 000yy | |
| 200 | 1 | @a高等院校英语专业英语四级考试历届真题详解@f黄成洲主编 |
| 210 | @a西安@c西北工业大学出版社@d2006.01 | |
| 215 | @a291页@d26cm | |
| 330 | @a本书含最近十年的专业英语四级考试的真题详解及答案,可为参加专业英语四级的考生提供考前参考和辅导,也可供其他英语爱好者学习参考。 | |
| 606 | 1 | @a英语-高等学校-水平考试-解题 |
| 690 | @aH319.6@v4 | |
| 701 | 0 | @a黄成洲主编 |
| 801 | 0 | @aCN@c20070607 |
| 905 | @dH319.6@eH819 | |
| 906 | @dCNY25.00@n3@r1 | |
| 高等院校英语专业英语四级考试历届真题详解/黄成洲主编.-西安:西北工业大学出版社,2006.01 |
| 291页;26cm |
| ISBN 7-5612-1856-7:CNY25.00 |
| 本书含最近十年的专业英语四级考试的真题详解及答案,可为参加专业英语四级的考生提供考前参考和辅导,也可供其他英语爱好者学习参考。 |
| ● |
| 相关链接 |
|
|
|
正题名:高等院校英语专业英语四级考试历届真题详解
索取号:H319.6/H819
 
预约/预借
| 序号 | 登录号 | 条形码 | 馆藏地/架位号 | 状态 | 备注 |
| 1 | 229796 | 202297969 | 语言库209/209语言库 57排3列1层/ [索取号:H319.6/H819] | 在馆 | |
| 2 | 229797 | 202297978 | 语言库209/209语言库 57排3列1层/ [索取号:H319.6/H819] | 在馆 | |
| 3 | 229798 | 202297987 | 语言库209/209语言库 57排3列1层/ [索取号:H319.6/H819] | 在馆 |